Saddle up! The Farm journal book of Western horsemanship, (Record no. 1081)

MARC details
000 -LEADER
fixed length control field 00805cam a2200265 4500
005 - DATE AND TIME OF LATEST TRANSACTION
control field 20260322212046.0
008 - FIXED-LENGTH DATA ELEMENTS--GENERAL INFORMATION
fixed length control field data
010 ## - LIBRARY OF CONGRESS CONTROL NUMBER
LC control number 71110653
040 ## - CATALOGING SOURCE
Original cataloging agency DLC
Transcribing agency DLC
Modifying agency DLC
050 00 - LIBRARY OF CONGRESS CALL NUMBER
Classification number SF309
Item number .B195
082 00 - DEWEY DECIMAL CLASSIFICATION NUMBER
Classification number 636.1/08/8
092 ## - LOCALLY ASSIGNED DEWEY CALL NUMBER (OCLC)
Classification number 636.1 B195 1970
001 - CONTROL NUMBER
control field data
100 1# - MAIN ENTRY--PERSONAL NAME
Personal name Ball, Charles E.
Fuller form of name (Charles Elihue)
245 10 - TITLE STATEMENT
Title Saddle up! The Farm journal book of Western horsemanship,
Statement of responsibility, etc. Charles E. Ball.
250 ## - EDITION STATEMENT
Edition statement [1st ed.]
260 ## - PUBLICATION, DISTRIBUTION, ETC.
Place of publication, distribution, etc. Philadelphia,
Name of publisher, distributor, etc. Lippincott
Date of publication, distribution, etc. [1970]
300 ## - PHYSICAL DESCRIPTION
Extent 224 p.
Other physical details illus., ports.
Dimensions 26 cm.
350 ## - PRICE (NR) (BK AM CF MU VM SE) [OBSOLETE]
Price 5.95
504 ## - BIBLIOGRAPHY, ETC. NOTE
Bibliography, etc. note Bibliography: p. 213-215.
650 #0 - SUBJECT ADDED ENTRY--TOPICAL TERM
Topical term or geographic name entry element Western riding.
730 0# - ADDED ENTRY--UNIFORM TITLE
Uniform title Farm journal (Philadelphia, Pa. : 1956)
906 ## - LOCAL DATA ELEMENT F, LDF (RLIN)
a 7
b cbc
c orignew
d u
e ncip
f 19
g y-gencatlg
991 ## -
-- c-GenColl
-- SF309
-- .B195
-- 00028486571
-- Copy 1
-- BOOKS
Holdings
Withdrawn status Lost status Damaged status Not for loan Home library Current library Shelving location Date acquired Total checkouts Full call number Barcode Date last seen Price effective from Koha item type
        Union Union General stacks 22/03/2026   636.1/08/8 BC0011115 22/03/2026 22/03/2026 Books